| 000 | 02591nam0a2200397 4500 | ||
|---|---|---|---|
| 001 | RU\NLR\bibl\6969 | ||
| 005 | 20260406051545.0 | ||
| 010 |
_a5-855872-135-3 _95000 |
||
| 021 |
_aRU _b98-6490 _9312 |
||
| 035 | _a(NLR Aleph) 000006791 | ||
| 090 |
_a20459 _c20459 |
||
| 100 | _a19981104d1998 |||y0rusy50 ca | ||
| 101 | 0 | _arus | |
| 102 | _aRU | ||
| 105 | _aa ||||||||| | ||
| 200 | 1 |
_aСамоучитель по Windows 95 _e[Экспресс-курс] _fД.В. Васильев |
|
| 210 |
_aМ. _cПРИОР _d1998 |
||
| 215 |
_a233 с. _cил. _d20 |
||
| 606 | 0 |
_aMICROSOFT WINDOWS 95, операционная система _jРуководства, пособия и т.п. _92071186 _3RU\NLR\auth\661245937 |
|
| 606 | 0 |
_aMICROSOFT WINDOWS 95, операционная система _jУчебные издания для самообразования _92071186 _3RU\NLR\auth\661245937 |
|
| 606 | 0 |
_aMICROSOFT WORD 7.0, текстовый редактор _jРуководства, пособия и т.п. _92074233 _3RU\NLR\auth\661249215 |
|
| 606 | 0 |
_aMICROSOFT WORD 7.0, текстовый редактор _jУчебные издания для самообразования _92074233 _3RU\NLR\auth\661249215 |
|
| 606 | 0 |
_aMICROSOFT EXCEL 7.0, электронные таблицы _jРуководства, пособия и т.п. _92077453 _3RU\NLR\auth\661253082 |
|
| 606 | 0 |
_aMICROSOFT EXCEL 7.0, электронные таблицы _jУчебные издания для самообразования _92077453 _3RU\NLR\auth\661253082 |
|
| 606 | 0 |
_aMICROSOFT MAIL, электронная почта _jРуководства, пособия и т.п. _92080480 _3RU\NLR\auth\661256416 |
|
| 606 | 0 |
_aMICROSOFT MAIL, электронная почта _jУчебные издания для самообразования _92080480 _3RU\NLR\auth\661256416 |
|
| 606 | 0 |
_aNORTON UTILITES, сервисная программа _jРуководства, пособия и т.п. _9922005 _3RU\NLR\auth\6619259 |
|
| 606 | 0 |
_aNORTON UTILITES, сервисная программа _jУчебные издания для самообразования _9922005 _3RU\NLR\auth\6619259 |
|
| 686 | _aЗ973.23-018.2я78-1 | ||
| 700 | 1 |
_4070 _8rus _7ca _aВасильев _bД. В. _cспециалист в обл. компьютер. технологий _gДмитрий Владимирович _3RU\NLR\auth\776798 _9116746 |
|
| 801 | 0 |
_aRU _bNLR _c19981104 _gPSBO |
|
| 801 | 1 |
_aRU _bNLR _c19981104 |
|
| 830 | _aавт.раскрыт по кн. | ||
| 852 |
_aNLR _j98-3/2621 |
||
| 942 | _cBOOK | ||
| 980 | _aNB | ||